000 00319nam a2200121Ia 4500
008 191201s1999 xx 000 0 und d
100 _aJALOTE,Pankaj
245 0 _aIntegrated Approach to Software Engineering
260 _aN. Delhi
_bNarosa Publication
_c1999
300 _a497
650 _aB.Tech(CSE)
942 _2ddc
_cBK
999 _c6380
_d6380